| 000 | 00000nam##2200000za#4500 |
| 001 | 9.574199 |
| 003 | CaOODSP |
| 005 | 20210624184052 |
| 007 | cr ||||||||||| |
| 008 | 150406|2006||||xxc|||||o f|0| 0 eng|d |
| 022 | |a1488-5379 |
| 040 | |aCaOODSP|beng |
| 043 | |an-cn--- |
| 086 | 1 |aFs97-6/2604E-PDF |
| 110 | 1 |aCanada. |bDepartment of Fisheries and Oceans. |
| 245 | 12|aA review of fish sampling methods commonly used in Canadian freshwater habitats / |h[electronic resource]|cby C. B. Portt ... [et al.]. |
| 260 | |aBurlington - Ontario : |bFisheries and Oceans Canada |c2006. |
| 300 | |a58p.|bfig., graphs, references, tables, photographs |
| 490 | 1 |aCanadian technical report of fisheries and aquatic sciences|x1488-5379|v2604 |
| 500 | |aThe catalogue number (Fs97-6/2604E) and ISSN (0706-6457) for the print edition have been incorrectly copied in this electronic publication. |
| 546 | |a(Résumé en français) |
| 590 | |a12-26-Supp|b2012-06-07 |
| 690 | 07|aFisheries resources|2gcpds |
| 690 | 07|aFreshwater fish|2gcpds |
| 690 | 07|aLakes|2gcpds |
| 720 | 1 |aPortt, C. B. |
| 776 | 0#|tA review of fish sampling methods commonly used in Canadian freshwater habitats / |w(CaOODSP)9.617959 |
| 830 | #0|aCanadian technical report of fisheries and aquatic sciences,|x1488-5379|v2604|w(CaOODSP)9.504449 |
| 856 | 40|ahttp://publications.gc.ca|qPDF|s624 KB|uhttps://publications.gc.ca/collections/collection_2012/mpo-dfo/Fs97-6-2604-eng.pdf|y2604 |